[Event "Piacenza Region-ch"]
[Site "Piacenza"]
[Date "2024.01.27"]
[Round "3"]
[White "Losi, Paolo"]
[Black "Mammi, Samuele"]
[Result "0-1"]
[WhiteElo "1609"]
[BlackElo "2162"]
[PlyCount "96"]
[EventDate "2024.01.26"]
[EventType "swiss"]
[EventRounds "5"]
[EventCountry "ITA"]
[SourceTitle "CB06_2024"]
[SourceDate "2024.02.07"]
[SourceVersion "1"]
[SourceVersionDate "2024.02.07"]
[SourceQuality "1"]

1. d4 d5 2. Nf3 Nf6 3. Bf4 g6 4. e3 Bg7 5. Bd3 c5 6. c3 Nc6 7. Nbd2 0-0 8. Ne5 Nd7 9. Nxc6 bxc6 10. 0-0 e5 11. dxe5 Nxe5 12. Be2 Qb6 13. Bxe5 Bxe5 14. Nf3 Bg7 15. Qd2 Rb8 16. b3 Be6 17. Rac1 a5 18. Ng5 Bf5 19. Bd3 Bxd3 20. Qxd3 a4 21. bxa4 c4 22. Qc2 Qa5 23. Nf3 Ra8 24. Nd4 Bxd4 25. exd4 Qxa4 26. Qxa4 Rxa4 27. Rc2 Rb8 28. Rfc1 Kf8 29. Kf1 Ke7 30. Ke2 Kd6 31. Kd2 Ra7 32. Re1 Rba8 33. Ra1 Re8 34. Re1 Rxe1 35. Kxe1 Rb7 36. Kd1 c5 37. Kd2 cxd4 38. cxd4 Ra7 39. f3 Ra3 40. Ke2 Rd3 41. Rd2 Rxd2+ 42. Kxd2 Kc6 43. Kc2 Kb5 44. a3 Ka5 45. Kb1 g5 46. g3 f5 47. h3 Ka4 48. Kb2 f4 0-1

[Event "Palmanova op 12th"]
[Site "Palmanova"]
[Date "2023.12.09"]
[Round "3"]
[White "Marzatico, Luca"]
[Black "Mammi, Samuele"]
[Result "0-1"]
[WhiteElo "1986"]
[BlackElo "2141"]
[PlyCount "96"]
[EventDate "2023.12.08"]
[EventType "swiss"]
[EventRounds "5"]
[EventCountry "ITA"]
[SourceTitle "CB50_2023"]
[SourceDate "2023.12.13"]
[SourceVersion "1"]
[SourceVersionDate "2023.12.13"]
[SourceQuality "1"]

1. d4 d5 2. Nf3 Nf6 3. c4 dxc4 4. e3 e6 5. Bxc4 a6 6. a4 c5 7. 0-0 Nc6 8. dxc5 Bxc5 9. Qxd8+ Kxd8 10. Nc3 b6 11. e4 Nd7 12. Bf4 h6 13. Rad1 Ke7 14. Rfe1 g5 15. Bg3 f6 16. h4 g4 17. Nh2 Nde5 18. Ba2 h5 19. Nf1 Bb7 20. Ne2 Ng6 21. Nf4 Nxf4 22. Bxf4 Ne5 23. Bb1 Rhd8 24. Be3 Bxe3 25. Nxe3 Rxd1 26. Rxd1 Rc8 27. Kh2 Nc4 28. Nxc4 Rxc4 29. f3 Rxa4 30. Rd2 gxf3 31. gxf3 f5 32. exf5 Rxh4+ 33. Kg3 Rh1 34. Be4 Bxe4 35. fxe4 exf5 36. exf5 Rf1 37. Re2+ Kd6 38. Re6+ Kc5 39. f6 Rf5 40. b4+ Kb5 41. Rd6 a5 42. bxa5 Kxa5 43. Re6 b5 44. Rd6 b4 45. Re6 Kb5 46. Rd6 b3 47. Re6 b2 48. Re8 Rxf6 0-1

[Event "Rome La Regina op 3rd"]
[Site "Rome"]
[Date "2023.07.28"]
[Round "1"]
[White "Mammi, Samuele"]
[Black "Zimina, Olga"]
[Result "1-0"]
[WhiteElo "2014"]
[BlackElo "2282"]
[PlyCount "135"]
[EventDate "2023.07.28"]
[EventType "swiss"]
[EventRounds "5"]
[EventCountry "ITA"]
[SourceTitle "CBM 215 Extra"]
[Source "ChessBase"]
[SourceDate "2023.09.30"]
[SourceVersion "1"]
[SourceVersionDate "2023.09.30"]
[SourceQuality "1"]

1. c4 c6 2. g3 d5 3. Bg2 Nf6 4. Nf3 Bf5 5. b3 e6 6. Bb2 Nbd7 7. Nc3 h6 8. 0-0 Be7 9. d3 0-0 10. Re1 Bh7 11. e4 dxe4 12. dxe4 e5 13. Qe2 Qc7 14. Nh4 Rfe8 15. Rac1 a5 16. Na4 Nc5 17. Nxc5 Bxc5 18. Red1 Qb6 19. Bc3 Bb4 20. Nf5 a4 21. Qb2 Bxc3 22. Qxc3 axb3 23. Nd6 b2 24. Rb1 Re7 25. Rxb2 Qa7 26. c5 Qa4 27. Re1 Qd4 28. Qxd4 exd4 29. f3 Nd5 30. Rd1 Ne3 31. Rxd4 f5 32. Rdb4 fxe4 33. fxe4 Bg6 34. Re2 Nxg2 35. Kxg2 Rb8 36. Reb2 Re5 37. Rc4 Ra8 38. a4 Ra7 39. Kf3 Bf7 40. Rcb4 Rxc5 41. Rxb7 Rxb7 42. Rxb7 Be6 43. Ra7 Rc2 44. h4 Rd2 45. Nb7 Rd7 46. Ra8+ Kh7 47. Nc5 Rf7+ 48. Ke3 Bg4 49. e5 Rf3+ 50. Ke4 Rc3 51. Kd4 Rxg3 52. e6 Bh5 53. a5 Rg4+ 54. Ke5 Rxh4 55. Rd8 Rc4 56. Kd6 Rc1 57. a6 Rd1+ 58. Kc7 Ra1 59. Rd4 Ra5 60. Ra4 Rxc5 61. a7 Re5 62. a8Q Rxe6 63. Qf8 Rf6 64. Qc5 Bf3 65. Ra8 Be4 66. Rf8 Rg6 67. Qe5 Rg4 68. Qe8 1-0

[Event "ITA-ch U20"]
[Site "Tarvisio"]
[Date "2023.07.08"]
[Round "8"]
[White "Mammi, Samuele"]
[Black "Giordani, Luca"]
[Result "1-0"]
[WhiteElo "2014"]
[BlackElo "1948"]
[PlyCount "191"]
[EventDate "2023.07.02"]
[EventType "swiss"]
[EventRounds "9"]
[EventCountry "ITA"]
[SourceTitle "EXT 2024"]
[Source "ChessBase"]
[SourceDate "2023.10.10"]
[SourceVersion "1"]
[SourceVersionDate "2023.10.10"]
[SourceQuality "1"]

1. c4 c5 2. Nc3 Nc6 3. g3 g6 4. Bg2 Bg7 5. d3 d6 6. e4 e6 7. Nge2 Nge7 8. Be3 Nd4 9. Rb1 Nec6 10. 0-0 0-0 11. a3 a5 12. f4 Rb8 13. Nb5 Nxb5 14. cxb5 Na7 15. a4 b6 16. d4 Qe7 17. Nc3 Bb7 18. Qd2 Bc8 19. Qd1 Bb7 20. Qd2 Rfe8 21. Rbd1 Rf8 22. Rb1 Rfe8 23. Rbd1 Rbd8 24. Qf2 Nc8 25. Rfe1 Qc7 26. Rd2 Rd7 27. Red1 Red8 28. Bh3 f5 29. dxc5 dxc5 30. e5 Ne7 31. Bg2 Rxd2 32. Rxd2 Rd7 33. Rd1 Rd8 34. Rd2 Rd7 35. Qe2 Kf7 36. Nb1 Bxg2 37. Qxg2 Nd5 38. Qe2 c4 39. Nc3 Nxe3 40. Rxd7+ Qxd7 41. Qxe3 Qd8 42. Kg2 Bf8 43. Qe2 Qd4 44. Qd1 Qe3 45. Qf3 Qd2+ 46. Qf2 Qd8 47. Qe2 Qd4 48. Qd1 Qe3 49. Qf3 Qd2+ 50. Qf2 Qd8 51. Qe2 Qd4 52. Qf2 Qd8 53. Qc2 Qa8+ 54. Kh3 Qf3 55. Qe2 Qh1 56. Qxc4 Bc5 57. Qe2 Qc1 58. Nd1 Bd4 59. Qd3 Qc5 60. Nc3 Qb4 61. Qc2 g5 62. fxg5 Kg6 63. Qe2 Bxc3 64. bxc3 Qxa4 65. c4 Qb3 66. Kh4 Kg7 67. g4 Qb1 68. gxf5 Qxf5 69. Qe3 Kg6 70. Kg3 a4 71. c5 a3 72. cxb6 a2 73. b7 a1Q 74. b8Q Qxg5+ 75. Qxg5+ Kxg5 76. Qg8+ Kh6 77. Qxe6+ Kg7 78. Qf6+ Kg8 79. b6 Qg1+ 80. Kf3 Qxh2 81. Qd8+ Kg7 82. Qe7+ Kg8 83. b7 Qh1+ 84. Ke3 Qe1+ 85. Kd4 Qg1+ 86. Kd5 Qd1+ 87. Kc6 Qa4+ 88. Kc7 Qc4+ 89. Kb8 h5 90. Qc7 Qa6 91. Kc8 h4 92. Kd8 Qd3+ 93. Qd6 Qf5 94. b8Q h3 95. Kc7+ Kh7 96. Qd7+ 1-0

[Event "ITA-ch U20"]
[Site "Tarvisio"]
[Date "2023.07.06"]
[Round "5"]
[White "Canella, Jacopo"]
[Black "Mammi, Samuele"]
[Result "1/2-1/2"]
[WhiteElo "1962"]
[BlackElo "2014"]
[PlyCount "49"]
[EventDate "2023.07.02"]
[EventType "swiss"]
[EventRounds "9"]
[EventCountry "ITA"]
[SourceTitle "EXT 2024"]
[Source "ChessBase"]
[SourceDate "2023.10.10"]
[SourceVersion "1"]
[SourceVersionDate "2023.10.10"]
[SourceQuality "1"]

1. d4 d5 2. c4 dxc4 3. Nc3 a6 4. a4 e5 5. e3 exd4 6. exd4 Nc6 7. Be3 Na5 8. Qh5 c6 9. d5 Bd6 10. Rd1 Nf6 11. Qh4 Qc7 12. dxc6 Nxc6 13. Bxc4 Ne5 14. Be2 Be6 15. Nf3 Ng6 16. Qd4 Rd8 17. Qb6 Nf4 18. 0-0 N6d5 19. Qxc7 Bxc7 20. Bxf4 Nxf4 21. Rxd8+ Kxd8 22. Bd1 Ke7 23. Nd4 Rd8 24. Nxe6 Nxe6 25. Bf3 1/2-1/2

[Event "ITA-ch U20"]
[Site "Tarvisio"]
[Date "2023.07.04"]
[Round "3"]
[White "Zavattero, Luca"]
[Black "Mammi, Samuele"]
[Result "1/2-1/2"]
[WhiteElo "1819"]
[BlackElo "2014"]
[PlyCount "48"]
[EventDate "2023.07.02"]
[EventType "swiss"]
[EventRounds "9"]
[EventCountry "ITA"]
[SourceTitle "EXT 2024"]
[Source "ChessBase"]
[SourceDate "2023.10.10"]
[SourceVersion "1"]
[SourceVersionDate "2023.10.10"]
[SourceQuality "1"]

1. e4 d5 2. exd5 Qxd5 3. Nc3 Qa5 4. d4 c6 5. Nf3 Nf6 6. Bd2 Qc7 7. Bc4 Bf5 8. Ne5 e6 9. g4 Bg6 10. Qe2 Nbd7 11. Nxd7 Qxd7 12. d5 Nxd5 13. Nxd5 b5 14. Bf4 0-0-0 15. 0-0-0 exd5 16. Rxd5 cxd5 17. Bxb5 Qe6 18. Ba6+ Kd7 19. Bb5+ Ke7 20. Qd2 Rc8 21. c4 a6 22. Qb4+ Kf6 23. Qc3+ Ke7 24. Qb4+ Kf6 1/2-1/2

[Event "EU-ch U14"]
[Site "Bratislava"]
[Date "2019.08.10"]
[Round "9"]
[White "Biolkini, Alexandr"]
[Black "Mammi, Samuele"]
[Result "0-1"]
[WhiteElo "1196"]
[BlackElo "1710"]
[PlyCount "112"]
[EventDate "2019.08.02"]
[EventType "swiss"]
[EventRounds "9"]
[EventCountry "SVK"]
[SourceTitle "EXT 2020"]
[Source "ChessBase"]
[SourceDate "2019.10.17"]
[SourceVersion "1"]
[SourceVersionDate "2019.10.17"]
[SourceQuality "1"]

1. e4 c6 2. d4 d5 3. e5 Bf5 4. f4 e6 5. Bd3 Nh6 6. Nf3 c5 7. c3 Nc6 8. Be3 Qb6 9. b3 cxd4 10. cxd4 Bb4+ 11. Ke2 0-0 12. Bxf5 Nxf5 13. a3 Be7 14. Re1 Na5 15. Nbd2 Rac8 16. Kf1 Rc3 17. Bf2 Nxb3 18. Nxb3 Qxb3 19. a4 Qc4+ 20. Kg1 Rc8 21. Qb1 Bb4 22. Qa2 Rxf3 23. gxf3 Bxe1 24. Qxc4 Rxc4 25. Bxe1 Nxd4 26. Kf2 Nc2 27. Rc1 Nxe1 28. Rxe1 Rxa4 29. Rc1 Rc4 30. Ra1 a6 31. Ke3 Kf8 32. Rd1 Ke7 33. Rd4 Rxd4 34. Kxd4 Kd7 35. h4 Kc6 36. h5 a5 37. f5 exf5 38. e6 fxe6 39. h6 gxh6 40. Ke5 Kd7 41. f4 a4 42. Kf6 a3 43. Kf7 a2 44. Kg7 a1Q+ 45. Kf7 Qg1 46. Kf8 Kd8 47. Kf7 Qg6+ 48. Kf8 Qf6+ 49. Kg8 Qe7 50. Kh8 d4 51. Kg8 d3 52. Kh8 d2 53. Kg8 d1Q 54. Kh8 Qe1 55. Kg8 Qg1+ 56. Kh8 Qeg7# 0-1

[Event "EU-ch U14"]
[Site "Bratislava"]
[Date "2019.08.08"]
[Round "7"]
[White "Kures, Michael"]
[Black "Mammi, Samuele"]
[Result "1-0"]
[WhiteElo "1898"]
[BlackElo "1710"]
[PlyCount "51"]
[EventDate "2019.08.02"]
[EventType "swiss"]
[EventRounds "9"]
[EventCountry "SVK"]
[SourceTitle "EXT 2020"]
[Source "ChessBase"]
[SourceDate "2019.10.17"]
[SourceVersion "1"]
[SourceVersionDate "2019.10.17"]
[SourceQuality "1"]

1. e4 c6 2. d4 d5 3. e5 Bf5 4. f4 e6 5. Bd3 Bxd3 6. Qxd3 c5 7. c3 Nc6 8. Ne2 cxd4 9. cxd4 Nge7 10. 0-0 h5 11. a3 Nf5 12. Bd2 Qb6 13. Bc3 Be7 14. Nd2 Rc8 15. b4 a6 16. Nb3 Na7 17. Rac1 0-0 18. Ng3 Nxg3 19. Qxg3 g6 20. Nc5 Bxc5 21. dxc5 Qc7 22. f5 exf5 23. Rxf5 Kh7 24. Rcf1 Qd7 25. e6 Qxe6 26. Rxh5+ 1-0

[Event "EU-ch U14"]
[Site "Bratislava"]
[Date "2019.08.04"]
[Round "3"]
[White "Nezval, Filip1111"]
[Black "Mammi, Samuele"]
[Result "1/2-1/2"]
[WhiteElo "1874"]
[BlackElo "1710"]
[PlyCount "93"]
[EventDate "2019.08.02"]
[EventType "swiss"]
[EventRounds "9"]
[EventCountry "SVK"]
[SourceTitle "EXT 2020"]
[Source "ChessBase"]
[SourceDate "2019.10.17"]
[SourceVersion "1"]
[SourceVersionDate "2019.10.17"]
[SourceQuality "1"]

1. d4 Nf6 2. c4 e6 3. Nc3 d5 4. cxd5 exd5 5. Bg5 Be7 6. e3 c6 7. Bd3 0-0 8. Qc2 h6 9. Bh4 b6 10. Nge2 Bb7 11. 0-0 Na6 12. a3 Nc7 13. b4 Ne6 14. Rfd1 Qd7 15. Rac1 Rfc8 16. Qb3 Rd8 17. Bf5 g6 18. Bd3 Rac8 19. Rc2 a6 20. Na4 Qc7 21. Bg3 Bd6 22. Rdc1 Bxg3 23. hxg3 Nd7 24. b5 axb5 25. Bxb5 cxb5 26. Rxc7 bxa4 27. Qxa4 Rxc7 28. Rxc7 Nxc7 29. Qa7 Rb8 30. Nc3 Ne6 31. Nxd5 Bxd5 32. Qxd7 Bc4 33. d5 Nc5 34. Qc7 Rb7 35. Qc6 Bb3 36. d6 Ba4 37. Qd5 Bd7 38. Qd4 Bc6 39. f3 Bd7 40. e4 Ra7 41. Qb4 Rb7 42. e5 Nd3 43. Qd4 Nc5 44. Qh4 h5 45. Qb4 Nd3 46. Qd4 Nc5 47. Qb4 1/2-1/2

[Event "Treviso op-A 3rd"]
[Site "Treviso"]
[Date "2019.03.31"]
[Round "5.18"]
[White "Barro, Francesco"]
[Black "Mammi, Samuele"]
[Result "1-0"]
[WhiteElo "1902"]
[BlackElo "1839"]
[PlyCount "91"]
[EventDate "2019.03.29"]
[EventType "swiss"]
[EventRounds "5"]
[EventCountry "ITA"]
[SourceTitle "EXT 2024"]
[Source "ChessBase"]
[SourceDate "2023.10.10"]
[SourceVersion "1"]
[SourceVersionDate "2023.10.10"]
[SourceQuality "1"]

1. e4 c6 2. d4 d5 3. exd5 cxd5 4. c4 e6 5. Nc3 Nf6 6. Nf3 Nc6 7. Bg5 g6 8. cxd5 exd5 9. Bb5 Bg7 10. 0-0 0-0 11. Qd2 Re8 12. Rfe1 Be6 13. Rac1 Rc8 14. Na4 Bd7 15. Nc5 Rxe1+ 16. Qxe1 Qc7 17. Ne5 Nxe5 18. dxe5 Bxb5 19. exf6 Bf8 20. Ne6 Qd7 21. Nxf8 Rxc1 22. Bxc1 Kxf8 23. Qe3 Qe6 24. Qc5+ Kg8 25. Qxb5 Qe1+ 26. Qf1 Qe5 27. g3 Qxf6 28. Qd3 Qe5 29. Kg2 a6 30. a3 h5 31. h4 Kh7 32. b4 Qe6 33. Bb2 f6 34. Bd4 Kg7 35. a4 Kf7 36. a5 Kg7 37. Bc5 Kf7 38. Qe3 Qd7 39. Qh6 Qc6 40. Qf8+ Ke6 41. Qe7+ Kf5 42. Qe3 Qc7 43. Qd3+ Ke6 44. Qxg6 d4 45. Qe4+ Kf7 46. Qh7+ 1-0

[Event "Treviso op-A 3rd"]
[Site "Treviso"]
[Date "2019.03.30"]
[Round "2.12"]
[White "Mammi, Samuele"]
[Black "Battagin, Mose"]
[Result "0-1"]
[WhiteElo "1839"]
[BlackElo "1757"]
[PlyCount "134"]
[EventDate "2019.03.29"]
[EventType "swiss"]
[EventRounds "5"]
[EventCountry "ITA"]
[SourceTitle "EXT 2024"]
[Source "ChessBase"]
[SourceDate "2023.10.10"]
[SourceVersion "1"]
[SourceVersionDate "2023.10.10"]
[SourceQuality "1"]

1. c4 e5 2. Nc3 Nc6 3. e4 Bc5 4. Nf3 Nf6 5. Nxe5 Nxe5 6. d4 Bb4 7. dxe5 Nxe4 8. Qf3 Nxc3 9. bxc3 Bc5 10. Qg3 Rg8 11. Bg5 Be7 12. Be3 d6 13. Rd1 Bd7 14. Be2 Bh4 15. Qf4 h6 16. exd6 cxd6 17. Qxd6 Be7 18. Qe5 Qb8 19. Qd4 Qc7 20. Bf4 Qc6 21. Bf3 Qe6+ 22. Be3 Bf6 23. Qd3 Ba4 24. Rb1 Rd8 25. Bd5 Qe5 26. Kd2 Bc6 27. Rhe1 Kd7 28. Kc2 Kc8 29. Bxa7 Qd6 30. Qh3+ Bd7 31. Bxb7+ Kc7 32. Qg3 Ba4+ 33. Kc1 Bg5+ 34. Be3 Qxg3 35. hxg3 Bxe3+ 36. fxe3 Rd3 37. Rb2 Rxc3+ 38. Kd2 Rxc4 39. Bd5 Rd8 40. Kd3 Rg4 41. Rc1+ Kd6 42. e4 Rxg3+ 43. Kd4 Ke7 44. Rc7+ Rd7 45. Rxd7+ Bxd7 46. Kc4 Be6 47. a4 Ra3 48. Kb4 Ra1 49. Bb7 Bd7 50. Kc3 Rxa4 51. Kd3 Ra3+ 52. Ke2 Be6 53. Rd2 Ra2 54. Rxa2 Bxa2 55. Ba6 Kd6 56. Ke3 Ke5 57. Be2 Bb1 58. Bf3 g6 59. g3 Bc2 60. Bg2 Bd1 61. Bh1 h5 62. Bg2 Ba4 63. Bh3 Bc6 64. Bg2 g5 65. Bf3 g4 66. Bg2 f5 67. Bh1 Bxe4 0-1

[Event "Chioggia op-B 13th"]
[Site "Chioggia"]
[Date "2018.09.30"]
[Round "4"]
[White "Passon, Stefano"]
[Black "Mammi, Samuele"]
[Result "1/2-1/2"]
[WhiteElo "1739"]
[BlackElo "1533"]
[PlyCount "115"]
[EventDate "2018.09.28"]
[EventType "swiss"]
[EventRounds "5"]
[EventCountry "ITA"]
[SourceTitle "EXT 2022"]
[Source "ChessBase"]
[SourceDate "2021.10.06"]
[SourceVersion "1"]
[SourceVersionDate "2021.10.06"]
[SourceQuality "1"]

1. d4 d5 2. Nf3 Nf6 3. e3 e6 4. Bd3 c5 5. b3 Nc6 6. Bb2 b6 7. Nbd2 Be7 8. 0-0 0-0 9. a3 Bb7 10. Ne5 cxd4 11. exd4 Nxe5 12. dxe5 Nd7 13. b4 a5 14. Qh5 g6 15. Qg4 Re8 16. Nf3 Bf8 17. h4 Qe7 18. h5 axb4 19. hxg6 fxg6 20. axb4 Qxb4 21. Bd4 Qe7 22. Rab1 Ba6 23. Bxb6 Bxd3 24. cxd3 Qf7 25. d4 Qf5 26. Qxf5 gxf5 27. Bc7 h6 28. Rb7 Re7 29. Bd6 Rf7 30. Rc1 Nxe5 31. Rxf7 Nxf3+ 32. gxf3 Kxf7 33. Rc7+ Kg6 34. Bc5 Bxc5 35. dxc5 Ra1+ 36. Kg2 Rc1 37. c6 Kf6 38. f4 d4 39. Rd7 Rxc6 40. Rxd4 Rc7 41. f3 h5 42. Rd2 h4 43. Kh3 Rc3 44. Rf2 Rc4 45. Kxh4 Rxf4+ 46. Kg3 Rb4 47. f4 Rb3+ 48. Kg2 Re3 49. Ra2 Ke7 50. Kf2 Rh3 51. Ra6 Rd3 52. Ke2 Rd6 53. Ra5 Kf6 54. Ke3 Rd7 55. Rb5 Ra7 56. Rb6 Ra5 57. Kf3 Ra3+ 58. Kf2 1/2-1/2

[Event "Chioggia op-B 13th"]
[Site "Chioggia"]
[Date "2018.09.29"]
[Round "3"]
[White "Mammi, Samuele"]
[Black "Belloni, Umberto"]
[Result "1/2-1/2"]
[WhiteElo "1533"]
[BlackElo "1677"]
[PlyCount "89"]
[EventDate "2018.09.28"]
[EventType "swiss"]
[EventRounds "5"]
[EventCountry "ITA"]
[SourceTitle "EXT 2022"]
[Source "ChessBase"]
[SourceDate "2021.10.06"]
[SourceVersion "1"]
[SourceVersionDate "2021.10.06"]
[SourceQuality "1"]

1. c4 e5 2. g3 d6 3. Bg2 c6 4. Nc3 Be6 5. b3 Be7 6. e4 c5 7. Nge2 Qd7 8. Nd5 Na6 9. h3 Nc7 10. Nxc7+ Qxc7 11. 0-0 Qd7 12. Kh2 Rb8 13. f4 f6 14. f5 Bf7 15. Nc3 Bd8 16. d3 a6 17. Be3 b5 18. Qe2 Ne7 19. Qg4 Rg8 20. Qe2 b4 21. Na4 Nc6 22. h4 Nd4 23. Bxd4 exd4 24. Bh3 Qe7 25. Qd2 Qe5 26. Qf4 Be7 27. Qxe5 dxe5 28. Rg1 Kd7 29. g4 Kc6 30. Kg3 Kd6 31. Kf3 h6 32. h5 Be8 33. Rab1 Bxa4 34. bxa4 Kc6 35. Bf1 b3 36. axb3 Rb4 37. Rg2 Rgb8 38. Rgb2 Kb6 39. Be2 Ka5 40. Bd1 R8b7 41. Ke2 Kb6 42. Kd2 Kc6 43. Kc1 Bd8 44. Kc2 Ba5 45. Ra2 1/2-1/2

[Event "Chioggia op-B 13th"]
[Site "Chioggia"]
[Date "2018.09.28"]
[Round "1"]
[White "Mammi, Samuele"]
[Black "Pasin, Mattia"]
[Result "1/2-1/2"]
[WhiteElo "1533"]
[BlackElo "1786"]
[PlyCount "67"]
[EventDate "2018.09.28"]
[EventType "swiss"]
[EventRounds "5"]
[EventCountry "ITA"]
[SourceTitle "EXT 2022"]
[Source "ChessBase"]
[SourceDate "2021.10.06"]
[SourceVersion "1"]
[SourceVersionDate "2021.10.06"]
[SourceQuality "1"]

1. c4 c6 2. Nc3 e6 3. g3 Nf6 4. Bg2 d5 5. cxd5 exd5 6. d4 Bf5 7. Bg5 Be7 8. Nf3 h6 9. Bxf6 Bxf6 10. 0-0 0-0 11. h3 Nd7 12. e3 Nb6 13. Qe2 Re8 14. Rac1 Qd7 15. Kh2 Nc4 16. b3 Nd6 17. Na4 Ne4 18. Nc5 Nxc5 19. Rxc5 Re7 20. Qd2 g5 21. b4 a6 22. a4 Ree8 23. Qb2 Bd3 24. Rd1 Bc4 25. Nd2 b6 26. Nxc4 bxc5 27. Nb6 Qb7 28. Nxa8 cxb4 29. Nc7 Qxc7 30. Qxb4 Rb8 31. Qc3 Qd7 32. Rc1 Rc8 33. Qd3 Bd8 34. Qc2 1/2-1/2